The Indian Ocean in global politics / (Record no. 1886)

MARC details
000 -LEADER
fixed length control field 01121cam a2200325 i 4500
001 - CONTROL NUMBER
control field 409794
003 - CONTROL NUMBER IDENTIFIER
control field OSt
005 - DATE AND TIME OF LATEST TRANSACTION
control field 20230620155319.0
008 - FIXED-LENGTH DATA ELEMENTS--GENERAL INFORMATION
fixed length control field 800613s1981 cou b 001 0 eng
010 ## - LIBRARY OF CONGRESS CONTROL NUMBER
LC control number 80018298
020 ## - INTERNATIONAL STANDARD BOOK NUMBER
International Standard Book Number 0865310386 :
Terms of availability $24.00 (est.)
020 ## - INTERNATIONAL STANDARD BOOK NUMBER
International Standard Book Number 0865311919
040 ## - CATALOGING SOURCE
Original cataloging agency DLC
Transcribing agency DLC
Modifying agency DLC
043 ## - GEOGRAPHIC AREA CODE
Geographic area code i------
050 00 - LIBRARY OF CONGRESS CALL NUMBER
Classification number DS341
Item number .I53 1981
082 00 - DEWEY DECIMAL CLASSIFICATION NUMBER
Classification number 327/.09182/4
Item number BON
245 04 - TITLE STATEMENT
Title The Indian Ocean in global politics /
Statement of responsibility, etc. edited by Larry W. Bowman and Ian Clark.
260 ## - PUBLICATION, DISTRIBUTION, ETC. (IMPRINT)
Place of publication, distribution, etc. Boulder, Colo. :
Name of publisher, distributor, etc. Westview Press,
Date of publication, distribution, etc. 1981.
300 ## - PHYSICAL DESCRIPTION
Extent xi, 260 p. ;
Dimensions 24 cm.
490 1# - SERIES STATEMENT
Series statement Westview special studies in international relations
504 ## - BIBLIOGRAPHY, ETC. NOTE
Bibliography, etc Includes bibliographical references and index.
651 #0 - SUBJECT ADDED ENTRY--GEOGRAPHIC NAME
Geographic name Indian Ocean Region
General subdivision Politics and government.
651 #0 - SUBJECT ADDED ENTRY--GEOGRAPHIC NAME
Geographic name Indian Ocean Region
General subdivision Foreign relations.
651 #0 - SUBJECT ADDED ENTRY--GEOGRAPHIC NAME
Geographic name Indian Ocean
General subdivision Strategic aspects.
700 1# - ADDED ENTRY--PERSONAL NAME
Personal name Bowman, Larry W.
700 1# - ADDED ENTRY--PERSONAL NAME
Personal name Clark, Ian,
Dates associated with a name 1949-
830 #0 - SERIES ADDED ENTRY--UNIFORM TITLE
Uniform title Westview special studies on international relations and U.S. foreign policy.
906 ## - LOCAL DATA ELEMENT F, LDF (RLIN)
a 7
b cbc
c orignew
d u
e ocip
f 19
g y-gencatlg
942 ## - ADDED ENTRY ELEMENTS (KOHA)
Source of classification or shelving scheme Dewey Decimal Classification
Koha item type Books
Holdings
Withdrawn status Lost status Source of classification or shelving scheme Damaged status Not for loan Home library Current library Date acquired Total Checkouts Full call number Barcode Date last seen Price effective from Koha item type
    Dewey Decimal Classification     County Hall Archives County Hall Archives 06/20/2023   327/.09182/4 BON 10000580 06/20/2023 06/20/2023 Books
LIBRARY OPENING HOURS

When the Parliament is sitting: 8.00a.m - 7.00p.m or until the house adjourns
Mondays and Fridays and when the House is on Recess:  8.00a.m - 5.00p.m
Closed on Weekends and Public Holidays

Online Public Access Catalog (OPAC)
Website: http://www.parliament.go.ke
Bunge Library: https://libraryir.parliament.go.ke
Contact: library@parliament.go.ke | Tel no: (254-2)2221291 or 2848000 Ext 5043